[Event "2nd Indonesia Open"]
[Site "Jakarta INA"]
[Date "2012.10.17"]
[Round "9.21"]
[White "Hoang Thanh Trang"]
[Black "Purnama,T"]
[Result "1-0"]
[WhiteElo "2470"]
[BlackElo "2384"]

1.d4 Nf6 2.Bg5 Ne4 3.Bf4 c5 4.f3 Nf6 5.dxc5 Na6 6.Nc3 Nxc5 7.Qd2 d6 8.e4 Bd7
9.g4 Bc6 10.g5 Nfd7 11.b4 Ne6 12.b5 Nxf4 13.bxc6 bxc6 14.Qxf4 g6 15.Qe3 Bg7
16.Nge2 Qa5 17.f4 Nb6 18.h4 Nc4 19.Qd3 Qc5 20.Rb1 O-O 21.Rh3 Rfb8 22.Rb3 Rb4
23.Rxb4 Qxb4 24.Kf2 Rb8 25.Kg2 a5 26.a3 Nxa3 27.Na2 Qa4 28.Qxa3 Qxe4+ 29.Rf3 Rb2
30.Qxa5 Rxc2 31.Qa8+ Bf8 32.Nc3 Qf5 33.Kg3 Qc5 34.Qb7 d5 35.Qb1 Rd2 36.Qa1  1-0

[Event "2nd Indonesia Open"]
[Site "Jakarta INA"]
[Date "2012.10.17"]
[Round "9.28"]
[White "Cao,S"]
[Black "Sinurat,Tumpak"]
[Result "1/2-1/2"]
[WhiteElo "2514"]
[BlackElo "2258"]

1.d4 Nf6 2.Bg5 Ne4 3.Bf4 e6 4.e3 b6 5.Bd3 Bb7 6.Nf3 Be7 7.Nbd2 f5 8.c4 O-O
9.O-O Na6 10.a3 d6 11.h3 c5 12.d5 Nxd2 13.Nxd2 exd5 14.cxd5 Nc7 15.Bg3 Kh8
16.e4 fxe4 17.Bxe4 Bxd5 18.Bxd5 Nxd5 19.Ne4 Nf4 20.Qg4 Qc8 21.Qxc8 Raxc8
22.Rfe1 d5 23.Bxf4 dxe4 24.Rxe4 Bf6 25.Be5 Kg8 26.Bxf6 Rxf6 27.Rd1 Rf7 28.f4 h6
29.Kf2 c4 30.Ke3 c3 31.bxc3 Rxc3+ 32.Rd3 Rfc7 33.Rd4  1/2-1/2

[Event "7th Americas Continental 2012"]
[Site "Mar del Plata ARG"]
[Date "2012.10.17"]
[Round "8.89"]
[White "Baquero,Yuri Paola"]
[Black "Elias,Roberto"]
[Result "1/2-1/2"]
[WhiteElo "1780"]
[BlackElo "1885"]

1.d4 Nf6 2.Bg5 Ne4 3.Bf4 c5 4.f3 Qa5+ 5.c3 Nf6 6.d5 Qb6 7.b3 d6 8.e4 e6 9.c4 g6
10.Nc3 Bg7 11.Rc1 e5 12.Bd2 O-O 13.Bd3 Na6 14.a3 Bd7 15.Nge2 Nc7 16.O-O a6
17.Na2 Qa7 18.Kh1 b5 19.b4 bxc4 20.Bxc4 Bb5 21.bxc5 Bxc4 22.Rxc4 dxc5 23.Be3 Nd7
24.Qc1 Rfb8 25.Bxc5 Nxc5 26.Rxc5 Rb7 27.Rc6 Bf8 28.f4 exf4 29.Qxf4 Nb5 30.a4 Nd4
31.Nxd4 Qxd4 32.Nc3 Bc5 33.Ne2 Qe3 34.Rxc5 Qxe2 35.Qf3 Qd2 36.Qc3 Qe2 37.Rg1 Re8
38.Re1 Qxe4 39.Rxe4 Rb1+ 40.Qc1 Rxc1+ 41.Rxc1 Rxe4 42.Kg1 Kf8 43.d6 Ke8 44.Kf2 Rxa4
45.Rc8+ Kd7 46.Rc7+ Ke6 47.d7 Rd4 48.Rc6+ Kxd7 49.Rxa6 Rd6 50.Ra7+ Ke6 51.Ke3 h5
52.Ra5 f5 53.h4 Kf6 54.g3 Rc6 55.Ra3 Re6+ 56.Kf3 Ke7 57.Rd3 Re4 58.Rd5 Rg4
59.Ra5 Kf6 60.Ra6+ Kg7 61.Ra5 g5 62.hxg5 Rxg5 63.Ra7+ Kh6 64.Ra6+  1/2-1/2

[Event "13th Liberec Open 2012"]
[Site "Liberec CZE"]
[Date "2012.10.25"]
[Round "7"]
[White "Kucera,P3"]
[Black "Plischki,S"]
[Result "1/2-1/2"]
[WhiteElo "2202"]
[BlackElo "2371"]

1.d4 Nf6 2.Bg5 Ne4 3.h4 h6 4.Bf4 d5 5.Nd2 Bf5 6.e3 e6 7.Bd3 Bd6 8.Bxe4 dxe4
9.Ne2 Nc6 10.Bxd6 cxd6 11.c3 d5 12.Qb3  1/2-1/2

[Event "7th Kavalier Open"]
[Site "Vienna AUT"]
[Date "2012.10.25"]
[Round "1.4"]
[White "Weinzettl,E"]
[Black "Langbauer,Johann"]
[Result "1-0"]
[WhiteElo "2257"]
[BlackElo "1712"]

1.d4 Nf6 2.Bg5 Ne4 3.h4 h6 4.Bf4 c5 5.f3 Nf6 6.d5 Qb6 7.b3 Qb4+ 8.Bd2 Qb6
9.e4 e6 10.c4 Bd6 11.Ne2 Qc7 12.Nbc3 exd5 13.cxd5 Bg3+ 14.Nxg3 Qxg3+ 15.Ke2 a6
16.Na4 Nxe4 17.Be1 Qe5 18.fxe4 d6 19.Kf2 O-O 20.Bc3 Qxe4 21.Bd3 Qe7 22.Nb6 Ra7
23.Nxc8 Rxc8 24.Qg4 f5 25.Bxf5 Rf8 26.Rae1  1-0

[Event "TCh-SVK Extraliga 2012-13"]
[Site "Slovakia SVK"]
[Date "2012.10.27"]
[Round "1.1"]
[White "Cech,P"]
[Black "Straka,Joz2"]
[Result "1/2-1/2"]
[WhiteElo "2378"]
[BlackElo "2348"]

1.d4 Nf6 2.Bg5 Ne4 3.Bf4 e6 4.f3 Bb4+ 5.c3 Bd6 6.Bxd6 Nxd6 7.e4 f5 8.e5 Nf7
9.f4 b6 10.Be2 Bb7 11.Bf3 Nc6 12.h4 Qe7 13.Nd2 a5 14.Qe2 a4 15.a3 O-O 16.O-O-O Ba6
17.Qe3 Rab8 18.Nh3 Na5 19.Nf2 c5 20.d5 Rfc8 21.d6 Qd8 22.Kb1 b5 23.Nd3 Qb6
24.Rc1 Nc4 25.Qf2 b4 26.cxb4 Nxd2+ 27.Qxd2 Bxd3+ 28.Qxd3 cxb4 29.Rxc8+ Rxc8
30.Rc1 Rxc1+ 31.Kxc1 Qg1+ 32.Qd1 Qe3+ 33.Qd2 Qg1+ 34.Qd1 Qe3+ 35.Qd2  1/2-1/2

[Event "7th Deizisau Autumn"]
[Site "Deizisau GER"]
[Date "2012.10.30"]
[Round "7.7"]
[White "Manakov,I"]
[Black "Brandt,Se"]
[Result "1-0"]
[WhiteElo "2355"]
[BlackElo "2072"]

1.d4 Nf6 2.Bg5 Ne4 3.Bf4 c5 4.f3 Qa5+ 5.c3 Nf6 6.d5 Qb6 7.Bc1 e6 8.e4 exd5
9.exd5 Bd6 10.c4 O-O 11.Bd3 Be5 12.Qc2 Na6 13.a3 Qa5+ 14.Nd2 Re8 15.Ne2 Nb4
16.axb4 Qxa1 17.Nb3 Qa4 18.bxc5 b5 19.cxb6 axb6 20.f4 Bd6 21.O-O Bc5+ 22.Kh1 d6
23.Nc3 Qd7 24.Nxc5 bxc5 25.h3 Kh8 26.Kh2 Qe7 27.Bd2 Bd7 28.Re1 Qf8 29.Rf1 Qe7
30.Re1 Qf8 31.Rf1 Ra7 32.Nd1 h6 33.Bc3 Qe7 34.Re1 Qd8 35.Rf1 Qe7 36.Re1 Qd8
37.Rf1 Ng8 38.Qf2 Ra1 39.b4 Ra3 40.bxc5 dxc5 41.Bxg7+ Kxg7 42.Qb2+ Nf6 43.Qxa3 Qc7
44.Qb2 Qd6 45.Qf2 Kh8 46.Qh4 Ne4 47.Re1 f5 48.Bxe4 fxe4 49.Ne3 Rg8 50.Kh1 Qg6
51.Re2 Bc8 52.Rf2 Bf5 53.g4 Bc8 54.f5 Bxf5 55.Rxf5 Ra8 56.Qf6+  1-0

[Event "39th ch-IND Premier w 2012"]
[Site "Jalgaon IND"]
[Date "2012.10.31"]
[Round "8.3"]
[White "Meenakshi,Sub"]
[Black "Michelle Catherina,P"]
[Result "1/2-1/2"]
[WhiteElo "2296"]
[BlackElo "2109"]

1.d4 Nf6 2.Bg5 Ne4 3.Bh4 c5 4.Nd2 Qa5 5.e3 Nxd2 6.Qxd2 Qxd2+ 7.Kxd2 e6 8.Bd3 b6
9.Ne2 Ba6 10.c3 Bxd3 11.Kxd3 d5 12.g4 Nc6 13.Bg3 f6 14.Nf4 Kf7 15.Rad1 Bd6
16.Kc2 c4 17.Rhe1 b5 18.Ne2 Bxg3 19.Nxg3 g6 20.e4 Rhe8 21.f4 Rad8 22.f5 e5
23.exd5 Rxd5 24.dxe5 Rdxe5 25.Rd7+ R8e7 26.Red1 Rxd7 27.Rxd7+ Re7 28.Rd5 a6
29.Rd6 Ne5 30.h3 Nd3 31.Kd2 Nxb2 32.Rxa6 Na4 33.Ne2 Nc5 34.Rb6 Ne4+ 35.Kc2 Nf2
36.Nf4 gxf5 37.gxf5 Re5 38.Rb7+ Kg8 39.Rb8+ Kf7 40.Rb7+ Kg8 41.Rb8+  1/2-1/2

[Event "Chigorin Memorial"]
[Site "St Petersburg RUS"]
[Date "2012.11.01"]
[Round "6.84"]
[White "Sichinava,Z"]
[Black "Pogosian,Vl"]
[Result "1-0"]
[WhiteElo "2339"]
[BlackElo "2143"]

1.d4 Nf6 2.Bg5 Ne4 3.Bh4 c5 4.f3 g5 5.fxe4 gxh4 6.e3 Bh6 7.Kf2 Qb6 8.Nc3 Nc6
9.Na4 Qa5 10.Nxc5 d6 11.Nd3 Qg5 12.Qe1 f5 13.Nf3 Qg4 14.e5 Be6 15.exd6 exd6
16.Nf4 Bf7 17.Bd3 O-O-O 18.Qd2 Rhg8 19.Rhg1 Rde8 20.g3 Bxf4 21.gxf4 Qh5 22.Ng5 Bg6
23.a4 h3 24.Rg3 Qh6 25.a5 Kb8 26.a6 b6 27.Bc4 Rgf8 28.Ra3 Bh5 29.Rc3 Bg4
30.Bb5 Nd8 31.Qd3 Re7 32.Qc4 Ne6 33.Bd7 Rxd7 34.Nxe6 Re8 35.d5 Qf6 36.Qc6 Qe7
37.Rc4 h5 38.b4 h4 39.Rg1 Rdd8 40.Qc7+ Qxc7 41.Rxc7 Rc8 42.Rb7+ Ka8 43.Nc7+ Rxc7
44.Rxc7 Kb8 45.Rb7+ Ka8 46.c4 Rc8 47.Rc1 Bh5 48.c5 bxc5 49.bxc5 dxc5 50.d6 Rg8
51.d7  1-0

[Event "39th ch-IND Premier w 2012"]
[Site "Jalgaon IND"]
[Date "2012.11.02"]
[Round "10.5"]
[White "Meenakshi,Sub"]
[Black "Kiran,M"]
[Result "0-1"]
[WhiteElo "2296"]
[BlackElo "2179"]

1.d4 Nf6 2.Bg5 Ne4 3.Bf4 d5 4.f3 Nf6 5.Nc3 e6 6.e4 Bb4 7.e5 Nfd7 8.a3 Bxc3+
9.bxc3 c5 10.Be3 Qa5 11.Qd2 Nc6 12.f4 Nb6 13.Nf3 c4 14.Ng1 Ne7 15.Ne2 Na4
16.g3 Bd7 17.Bh3 h5 18.O-O g6 19.Bf2 Qc7 20.Rab1 Nf5 21.Rb4 a5 22.Rbb1 Bc6
23.Bg2 Qe7 24.Ra1 O-O-O 25.Bf3 Rdg8 26.Kg2 Rh7 27.Ng1 g5 28.fxg5 Rxg5 29.Be3 Rg8
30.Nh3 Rhg7 31.Kf2 f6 32.Bf4 fxe5 33.Bxe5 Rf7 34.Bf4 Nd6 35.Kg2 Ne4 36.Bxe4 dxe4
37.Qe3 Rf5 38.Be5 Rf3 39.Rxf3 exf3+ 40.Kf2 h4 41.Bf4 hxg3+ 42.Bxg3 b5 43.Nf4 Re8
44.Ng6 Qh7 45.Qe5 Kb7 46.h4 Nxc3 47.h5 Ne4+ 48.Kxf3 Nf6+ 49.Ke2 Nxh5 50.Bh2 Nf6
51.Rg1 Nd5 52.Kd2 Rg8 53.Ne7 c3+ 54.Ke2 Qxc2+ 55.Kf1 Rf8+  0-1

[Event "2nd Novara Open A 2012"]
[Site "Novara ITA"]
[Date "2012.11.03"]
[Round "2.10"]
[White "Gromovs,S"]
[Black "Montilli,Vincenzo"]
[Result "0-1"]
[WhiteElo "2215"]
[BlackElo "1888"]

1.d4 Nf6 2.Bg5 Ne4 3.Bf4 c5 4.f3 Qa5+ 5.c3 Nf6 6.d5 d6 7.e4 Nbd7 8.Nd2 g6
9.Nc4 Qc7 10.a4 Bg7 11.Nh3 O-O 12.Qd2 Rb8 13.Bh6 a6 14.Bxg7 Kxg7 15.Nf4 b5
16.axb5 axb5 17.Ne3 Ne5 18.Be2 h5 19.O-O Bd7 20.Qe1 Qb6 21.Kh1 Ra8 22.Qg3 b4
23.c4 b3 24.Nf5+ Bxf5 25.exf5 Rxa1 26.Rxa1 Kh6 27.fxg6 fxg6 28.Ne6 Rg8 29.f4 Nf7
30.Bd3 Qb7 31.h3 Qc8 32.Ra7 Qe8 33.Qe3 Nd7 34.h4 Kh7 35.Qe2 Kh8 36.f5 Nf6
37.fxg6 Ne5 38.g7+ Rxg7 39.Nxg7 Kxg7 40.Bf5 Qf8 41.Qe3 Kh8 42.Qxb3 Nfg4 43.Bxg4 Qf1+
44.Kh2 Nxg4+ 45.Kg3 Qe1+ 46.Kf4 Qe5+ 47.Kf3 Nh2+ 48.Kf2 Ng4+ 49.Kf3 Nh2+
50.Kf2 Ng4+ 51.Kf1 Qf4+ 52.Ke2 Qf2+ 53.Kd3 Ne5+ 54.Kc3 Qd4+ 55.Kc2 Qe4+ 56.Kd1 Qd4+
57.Ke2 Qe4+ 58.Qe3 Qxc4+ 59.Kd1 Qxd5+ 60.Qd2 Qxd2+ 61.Kxd2 Ng6 62.g3 Kg8
63.Ra1 Kg7 64.Rf1 Ne5 65.b3 Kg6 66.Ke3 Ng4+ 67.Kd3 d5 68.Rc1 Ne5+ 69.Ke3 Nd7
70.Ra1 e5 71.Ra7 Nf6 72.Kf3 Kf5 73.Ra5 e4+ 74.Kg2 Ke5 75.Rxc5 Kd4 76.b4 Kd3
77.b5 e3 78.b6 e2 79.Rc1 Kd2 80.Ra1 e1=Q 81.Rxe1 Kxe1 82.b7 Nd7 83.Kf3 Kd2
84.g4 hxg4+ 85.Kxg4 Ke2 86.h5 d4 87.h6 d3 88.h7 d2 89.h8=Q d1=Q 90.Qb2+ Ke3+
91.Kg5 Qd5+ 92.Kg6 Ne5+  0-1

[Event "Chigorin Memorial"]
[Site "St Petersburg RUS"]
[Date "2012.11.03"]
[Round "8.84"]
[White "Sichinava,Z"]
[Black "Khanin,S"]
[Result "1-0"]
[WhiteElo "2339"]
[BlackElo "2181"]

1.d4 Nf6 2.Bg5 Ne4 3.Bh4 g5 4.f3 gxh4 5.fxe4 c5 6.e3 Bh6 7.Kf2 cxd4 8.exd4 Nc6
9.Nc3 d6 10.Bc4 O-O 11.Nf3 Kh8 12.Re1 h3 13.g3 Bg4 14.Kg1 e5 15.Be2 Qb6 16.Nd5 Bxf3
17.Bxf3 Qxd4+ 18.Qxd4 Nxd4 19.Bd1 Ne6 20.c3 Ng7 21.Bg4 f5 22.exf5 Nxf5 23.Bxh3 Rf7
24.Re4 Raf8 25.Rf1 Ne7 26.Rxf7 Rxf7 27.Be6 Rg7 28.Rc4 Nc6 29.b4 Bg5 30.b5 Nd8
31.Rc8 h5 32.Kf2 h4 33.g4 Kh7 34.Bf5+ Kh6 35.c4 Rf7 36.Ke2 Kg7 37.a4 b6 38.Nc7 Kf6
39.Nd5+ Kg7 40.h3 Kh6 41.Nc7 Bf6 42.Ne8 Be7 43.Ra8 Bg5 44.Nxd6 Rc7 45.Be4 Rd7
46.Nf5+ Kg6 47.Nxh4+ Kf6 48.Nf3 Ne6 49.h4 Bc1 50.g5+ Ke7 51.Nxe5 Rd2+ 52.Ke1 Nc5
53.Nc6+ Ke6 54.Re8+ Kf7 55.Re7+ Kf8 56.g6 Nxe4 57.Rxe4 Kg7 58.h5 Kh6 59.Rg4  1-0

[Event "WY BU18 2012"]
[Site "Maribor SLO"]
[Date "2012.11.08"]
[Round "1.48"]
[White "Abhilash,R"]
[Black "Oltian,Vata"]
[Result "1-0"]
[WhiteElo "2269"]
[BlackElo "1799"]

1.d4 Nf6 2.Bg5 Ne4 3.h4 c5 4.dxc5 Qa5+ 5.Nd2 Nxd2 6.Qxd2 Qxd2+ 7.Bxd2 e6
8.Bc3 Nc6 9.e4 f6 10.b4 a6 11.a3 Be7 12.Nf3 O-O 13.Bc4 a5 14.Ke2 Kh8 15.Rhd1 axb4
16.axb4 Rxa1 17.Rxa1 d6 18.b5 Ne5 19.Bxe5 fxe5 20.c6 bxc6 21.bxc6 Rd8 22.Ra7 Bf6
23.g4 d5 24.Bd3 g6 25.g5 Bg7 26.Ra8 Rf8 27.Nd2 Re8 28.Bb5 Bd7 29.Rxe8+ Bxe8
30.Kf3 Bxc6 31.Bxc6 d4 32.Bd7 Kg8 33.Bxe6+ Kf8 34.Nc4 Bh8 35.Kg4 Ke7 36.Bg8 Kf8
37.Bxh7 Kg7 38.Bxg6  1-0

[Event "TCh-ESP CECLUB Div Honor 2012"]
[Site "Leon ESP"]
[Date "2012.11.10"]
[Round "6.2"]
[White "Shimanov,A"]
[Black "Jerez Perez,A"]
[Result "1-0"]
[WhiteElo "2597"]
[BlackElo "2411"]

1.d4 Nf6 2.Bg5 Ne4 3.Bf4 d5 4.e3 e6 5.Bd3 Bd6 6.Ne2 O-O 7.c4 Bxf4 8.Nxf4 Nf6
9.Nc3 dxc4 10.Bxc4 Nc6 11.Nd3 e5 12.dxe5 Ng4 13.Bd5 Ncxe5 14.Nxe5 Nxe5 15.O-O c6
16.Bb3 Qe7 17.e4 Be6 18.Bxe6 Qxe6 19.f4 Rad8 20.Qe2 Nd7 21.Qf2 b6 22.Rad1 Nc5
23.Qe3 Qc4 24.b3 Rd3 25.Rxd3 Qxd3 26.Qxd3 Nxd3 27.g3 Rd8 28.Rd1 Kf8 29.e5 Ke7
30.Ne4 Rd5 31.Nc3 Rd8 32.Kf1 f6 33.exf6+ gxf6 34.Ke2 Nc5 35.Rxd8 Kxd8 36.g4 a5
37.Ke3 Ke7 38.h4 b5 39.Ne4 Na6 40.Kd4 Nb4 41.Nc3 Kd6 42.g5 fxg5 43.hxg5 Ke6
44.Ke4 a4 45.f5+ Kd6 46.Kf4 Nxa2 47.Nxa2 axb3 48.Nc3 b2 49.Ke4 b4 50.Nb1 Ke7
51.Ke5 Kd7 52.Kf6 c5 53.g6  1-0

[Event "16th Zenica Masters 2012"]
[Site "Zenica BIH"]
[Date "2012.11.12"]
[Round "1.4"]
[White "Trkulja,G"]
[Black "Terzic,S"]
[Result "1-0"]
[WhiteElo "2388"]
[BlackElo "2246"]

1.d4 Nf6 2.Bg5 Ne4 3.Bf4 d5 4.Nd2 Bf5 5.Nxe4 Bxe4 6.f3 Bg6 7.e3 e6 8.Bd3 c5
9.c3 Nc6 10.Ne2 Be7 11.O-O O-O 12.Bxg6 hxg6 13.Qb3 Na5 14.Qc2 Rc8 15.b3 Nc6
16.Qd3 a6 17.Rfd1 Qb6 18.Kh1 Rfd8 19.g4 a5 20.Kg2 a4 21.Rab1 axb3 22.axb3 Ra8
23.h4 Ra2 24.Kg3 Rda8 25.g5 R8a3 26.Nc1 Ra1 27.Rxa1 Rxa1 28.Qc2 Qa6 29.Rh1 Qa3
30.h5 gxh5 31.Rxh5 g6 32.Rh1 e5 33.Qh2 exf4+ 34.exf4 f6 35.Qh7+ Kf8  1-0

[Event "WY BU18 2012"]
[Site "Maribor SLO"]
[Date "2012.11.14"]
[Round "7.18"]
[White "Westerberg,J"]
[Black "Iskandarov,M"]
[Result "0-1"]
[WhiteElo "2322"]
[BlackElo "2396"]

1.d4 Nf6 2.Bg5 Ne4 3.Bf4 c5 4.f3 Nf6 5.dxc5 e5 6.Bxe5 Bxc5 7.Bd6 Qb6 8.Bxc5 Qxc5
9.Nc3 d5 10.e3 Nc6 11.Qd2 O-O 12.Nb5 Bf5 13.c3 Rfe8 14.Kf2 Ne5 15.h3 h5 16.b3 Bh7
17.Nd4 Re7 18.Nge2 Nd3+ 19.Kg1 Rae8 20.Nc2 h4 21.Ned4 Ne5 22.Be2 Bxc2 23.Nxc2 Nh5
24.Qd4 Qc7 25.Kf2 Ng3 26.Rhe1 Nf5 27.Qd2 Re6 28.Kg1 Qb6 29.Nd4 Nxe3 30.Nxe6 Rxe6
31.Qd4 Nc2 32.Qxb6 axb6 33.Kf2 Ng6 34.Bd3 Nxe1 35.Rxe1 Nf4 36.Bf1 Kf8 37.Rd1 Ke7
38.c4 dxc4 39.Bxc4 Re5 40.Rd4 g5 41.a4 f6 42.Rd2 Rc5 43.Ke3 Rc6 44.Ke4 Rc5
45.Ke3 Rc7 46.Ke4 Rc6 47.Ke3 Rd6 48.Rc2 Rd1 49.Bb5 Kd6 50.Ke4 Nd5 51.Be2 Re1
52.Kd4 Rb1 53.Rc8 Nf4 54.Bc4 Rb2 55.Rf8 Ne6+ 56.Bxe6 Kxe6 57.Kc4 Rxg2 58.Rb8 Rc2+
59.Kb5 Rc3 60.b4 Rxf3 61.Rxb7 Rxh3 62.Rxb6+ Kf5 63.a5 Ra3 64.Rb8 g4 65.a6 g3
66.Rg8 h3 67.a7 g2 68.Rg3 Rxa7  0-1

[Event "WY BU16 2012"]
[Site "Maribor SLO"]
[Date "2012.11.15"]
[Round "8.22"]
[White "Le Tuan Minh"]
[Black "Kjoita,H"]
[Result "1-0"]
[WhiteElo "2204"]
[BlackElo "1992"]

1.d4 Nf6 2.Bg5 Ne4 3.Bf4 d5 4.e3 Bf5 5.Bd3 e6 6.Ne2 Bd6 7.O-O O-O 8.c4 dxc4
9.Bxc4 Nc6 10.Nbc3 Bxf4 11.Nxf4 e5 12.Nfe2 exd4 13.Nxd4 Nxd4 14.exd4 c6 15.Re1 Nd6
16.Bb3 Qg5 17.Re5 Rfe8 18.Qf3 Rxe5 19.dxe5 Bg4 20.Qg3 Nf5 21.Ne4 Nxg3 22.Nxg5 Ne2+
23.Kf1 Bh5 24.g4 Bxg4 25.f3 Bh5 26.Kxe2 Re8 27.e6 fxe6 28.Kf2 Bf7 29.Re1  1-0

[Event "8th Chervonograd IM"]
[Site "Chervonograd UKR"]
[Date "2012.11.16"]
[Round "4.4"]
[White "Podolsky,A"]
[Black "Shagbazyan,Tar"]
[Result "0-1"]
[WhiteElo "2270"]
[BlackElo "2384"]

1.d4 Nf6 2.Bg5 Ne4 3.Bh4 c5 4.f3 g5 5.fxe4 gxh4 6.e3 Bh6 7.Qh5 Qb6 8.Nd2 cxd4
9.Qe5 Rg8 10.Qxd4 Bxe3 11.Qxb6 Bxb6 12.Ngf3 h3 13.g3 d6 14.Bc4 Nc6 15.O-O-O Bg4
16.Rhf1 e6 17.Rde1 Ke7 18.e5 d5 19.Bd3 Nb4 20.Bxh7 Nxa2+ 21.Kb1 Rg7 22.Kxa2 Rxh7
23.Nb3 Rc8 24.Nbd4 Bxf3 25.Nxf3 Rxc2  0-1

[Event "22nd World Seniors Open"]
[Site "Kamena Vourla GRE"]
[Date "2012.11.16"]
[Round "4.50"]
[White "Cooper,Ni"]
[Black "Haupt,J"]
[Result "0-1"]
[WhiteElo "1753"]
[BlackElo "1864"]

1.d4 Nf6 2.Bg5 Ne4 3.Bf4 c5 4.e3 Qb6 5.b3 Qb4+ 6.c3 Nxc3 7.a3 Qa5 8.Qd2 cxd4
9.exd4 e5 10.Bxe5 Bb4 11.d5 Nxd5 12.axb4 Qxb4 13.Qxb4 Nxb4 14.Kd2 N8c6 15.Bd6 f6
16.Bc4 b6 17.Nf3 Bb7 18.Re1+ Kd8 19.Nc3 a6 20.Nd5 Nxd5 21.Bxd5 a5 22.Ra4 b5
23.Rae4 Ra6 24.Be7+ Kc7 25.Rc1 Kb8 26.Bd6+ Ka7 27.Bc5+ Kb8 28.Nd4 Nxd4 29.Bxb7 Nxb3+
30.Kc2 Nxc5 31.Bxa6 Nxe4 32.Bxb5 Rc8+ 33.Kb2 Rxc1 34.Kxc1 Kc7 35.Bd3 f5 36.f3 Nd6
37.g4 g6 38.Kc2 Kc6 39.h3 Kc5 40.Kc3 a4 41.Bc2 fxg4 42.hxg4 Nb5+ 43.Kb2 Kb4
44.f4 a3+ 45.Ka2 Nd4 46.Be4 Nb5 47.Bc2 Nc3+ 48.Ka1 Nd5 49.f5 g5 50.Be4 Nf6
51.Bf3 d5 52.Ka2 d4 53.Be2 d3 54.Bxd3 Nxg4 55.Ba6 Nf6 56.Bc8 g4 57.Bb7 h5
58.Ba8 h4 59.Bg2 h3 60.Bf1 Kc3 61.Kxa3 Kd4 62.Kb3 Ke4 63.Kc3 Kxf5 64.Kd4 Kf4
65.Ba6 g3 66.Bc8 Ng4 67.Bb7 g2  0-1

[Event "TCh-AUT 2 East 2012-13"]
[Site "Austria AUT"]
[Date "2012.11.18"]
[Round "4.3"]
[White "Weinzettl,E"]
[Black "Vlcek,S"]
[Result "1/2-1/2"]
[WhiteElo "2257"]
[BlackElo "2292"]

1.d4 Nf6 2.Bg5 Ne4 3.h4 c5 4.d5 g6 5.Nd2 Nxg5 6.hxg5 Bg7 7.c3 d6 8.Ngf3 h6
9.gxh6 Rxh6 10.Rxh6 Bxh6 11.Qa4+ Qd7 12.Qh4 Bg7 13.e4 Qg4 14.Qh2 Nd7 15.O-O-O Ne5
16.Nxe5 Bxe5 17.g3 Bd7 18.f4 Bg7 19.Be2 Qh3 20.Qf2 O-O-O 21.Bf3 Qh8 22.Rf1 Qf8
23.Qe2 e6 24.dxe6 Bxe6 25.Nc4 Kc7 26.Kb1 d5 27.exd5 Bxd5 28.Re1 Bxc4 29.Qxc4 Rd7
30.Qa4 Qd6 31.Rd1 Qe6 32.Rxd7+ Qxd7 33.Qxd7+ Kxd7 34.Bxb7 Kd6 35.Kc2 g5 36.fxg5 Be5
37.Kd3 Bxg3 38.Ke4 Be1 39.Kf5 Ke7 40.Ke5 Bf2 41.Ba6 Be3 42.Kd5 Kd7 43.Bc4 Kc7
44.b4  1/2-1/2

[Event "8th Chervonograd IM"]
[Site "Chervonograd UKR"]
[Date "2012.11.18"]
[Round "9.1"]
[White "Shagbazyan,Tar"]
[Black "Sychevskyy,Andriy"]
[Result "1-0"]
[WhiteElo "2384"]
[BlackElo "2050"]

1.d4 Nf6 2.Bg5 Ne4 3.h4 Nxg5 4.hxg5 g6 5.Nf3 Bg7 6.e3 c5 7.c3 Qc7 8.Nbd2 d6
9.Bd3 Nc6 10.Qc2 Bd7 11.Rh4 cxd4 12.exd4 O-O-O 13.O-O-O d5 14.Rdh1 e5 15.dxe5 Kb8
16.Rxh7 Nxe5 17.Rxh8 Rxh8 18.Rxh8+ Bxh8 19.Nxe5 Qxe5 20.Nf3 Qf4+ 21.Qd2 Qg4
22.Bf1 Be6 23.Qe3 Bg7 24.Nd4 Bc8 25.g3 Bxd4 26.cxd4 Qe6 27.Qe5+ Ka8 28.Qxe6 Bxe6
29.Kd2 Kb8 30.Ke3 Kc7 31.f3 Bd7 32.g4 Kd6 33.Bh3 Bb5 34.f4 Bd7 35.Kf2 Kc7
36.Bg2 Kd6 37.Bf3 Bb5 38.Ke3 Bd7 39.Be2 Bc8 40.Bd1 Bd7 41.Kf3 Bc6 42.f5 Bb5
43.Bc2 Be8 44.Kf4  1-0

[Event "TCh-FIN SM 2012-13"]
[Site "Helsinki FIN"]
[Date "2012.11.18"]
[Round "7.1"]
[White "Yemelin,V"]
[Black "Ebeling,M"]
[Result "1/2-1/2"]
[WhiteElo "2579"]
[BlackElo "2273"]

1.d4 Nf6 2.Bg5 Ne4 3.Bf4 d5 4.e3 Nc6 5.Bd3 Nd6 6.c3 e6 7.Nd2 Be7 8.Ngf3 Bf6
9.e4 Nxe4 10.Nxe4 dxe4 11.Bxe4 Bd7 12.Qe2 O-O 13.h4 g6 14.O-O-O Rb8 15.Bg5 Qe7
16.Qe3 b5 17.Qf4 Bxg5 18.hxg5 f5 19.gxf6 Rxf6 20.Qh4 Rf7 21.Bxg6 Rg7 22.Be4 b4
23.d5 exd5 24.Rxd5 bxc3 25.Rg5 cxb2+ 26.Kb1 Kf8 27.Rxg7 Qxg7 28.Qf4+ Qf7
29.Qxc7 Be6 30.Qd6+ Kg8 31.Qg3+ Kf8 32.Qd6+ Kg8 33.Bxh7+ Kg7 34.Qg3+ Kf8
35.Qd6+ Kg7 36.Qg3+ Kf8 37.Qd6+ Kg7  1/2-1/2

[Event "VIII Governor's Cup B"]
[Site "Khanty-Mansiysk RUS"]
[Date "2012.11.20"]
[Round "5"]
[White "Papayan,O"]
[Black "Orekhov,N"]
[Result "1/2-1/2"]
[WhiteElo "2238"]
[BlackElo "2127"]

1.d4 Nf6 2.Bg5 Ne4 3.h4 d5 4.Nd2 Bf5 5.Nxe4 Bxe4 6.f3 h6 7.Bf4 Bf5 8.g4 Bh7
9.e3 Nd7 10.Bd3 Bxd3 11.Qxd3 c6 12.Ne2 e6 13.O-O-O Qa5 14.Kb1 O-O-O 15.c4 dxc4
16.Qxc4 Nb6 17.Qb3 Bd6 18.e4 Rd7 19.Bxd6 Rxd6 20.e5 Rd7 21.Nc3 Nd5 22.Ne4 Qb6
23.Nd6+ Kb8 24.Qa3 Rhd8 25.Rd3 Qb4 26.g5 Qxa3 27.Rxa3 Nc7 28.Rd3 Ne8 29.Nxe8 Rxe8
30.gxh6 gxh6 31.Rg1 Red8 32.Rg7 c5  1/2-1/2

[Event "VIII Governor's Cup B"]
[Site "Khanty-Mansiysk RUS"]
[Date "2012.11.22"]
[Round "8"]
[White "Averchenko,S"]
[Black "Davletbayeva,M"]
[Result "0-1"]
[WhiteElo "2335"]
[BlackElo "2220"]

1.d4 Nf6 2.Bg5 Ne4 3.Bf4 d5 4.e3 Nc6 5.Nf3 Bg4 6.Nbd2 e6 7.h3 Bf5 8.a3 Bd6
9.Bxd6 cxd6 10.c4 dxc4 11.Bxc4 O-O 12.O-O Rc8 13.Ba2 d5 14.Nxe4 Bxe4 15.Rc1 h6
16.Qe2 Bxf3 17.Qxf3 Qg5 18.Rc3 f5 19.Rfc1 Ne7 20.Qd1 Rxc3 21.Rxc3 Ng6 22.f4 Qg3
23.e4 Qxf4 24.exd5 exd5 25.Bxd5+ Kh7 26.Bxb7 Rb8 27.Rb3 Qc7 28.Bd5 Nf4 29.Rxb8 Qxb8
30.Bf3 Qxb2 31.d5 Qxa3 32.d6 Nd3 33.d7 Qc5+ 34.Kh2 Qd6+ 35.g3 Qxd7 36.Qb3 Qd4
37.Qe6  0-1

[Event "VIII Governor's Cup"]
[Site "Khanty-Mansiysk RUS"]
[Date "2012.11.22"]
[Round "8.12"]
[White "Pridorozhni,A"]
[Black "Belyakov,B"]
[Result "1-0"]
[WhiteElo "2541"]
[BlackElo "2388"]

1.d4 Nf6 2.Bg5 Ne4 3.Bf4 c5 4.f3 Qa5+ 5.c3 Nf6 6.d5 d6 7.e4 e5 8.Be3 b5 9.Nd2 Bd7
10.a4 bxa4 11.Bd3 Be7 12.Nc4 Qc7 13.Bc2 O-O 14.Bxa4 Bc8 15.Bc2 Nbd7 16.Na5 Re8
17.Ne2 Bf8 18.b3 Nb6 19.g4 g6 20.Ng3 Bg7 21.h4 Nfd7 22.Qd2 Nf8 23.Kf2 Nbd7
24.Bd3 Rb8 25.Kg2 Rb6 26.Qe2 Nb8 27.b4 cxb4 28.Bxb6 axb6 29.Nc4 bxc3 30.Na3 Nbd7
31.Nb5 Qb8 32.Nxc3 Nc5 33.Bb5 Bd7 34.Bxd7 Nfxd7 35.Ra3 Bf8 36.Nb5 Qd8 37.Qc2 Be7
38.h5 Rf8 39.Ra7 Bh4 40.Nxd6 Bxg3 41.Kxg3 Qf6 42.Nc4 Qf4+ 43.Kg2 b5 44.Nd6 Qf6
45.Nxb5 Qb6 46.Rb1 f5 47.exf5 gxf5 48.g5 Qd8 49.Rg1 Kh8 50.Kh1 Qb6 51.g6 hxg6
52.Rxg6 Rf6 53.Qg2 Rxg6 54.Qxg6 Qxg6 55.hxg6 Kg7 56.Nc7 Kxg6 57.Na6 Kg5 58.Nxc5 Nxc5
59.Rc7 Nd3 60.Re7 Kf6 61.d6 Nb4 62.Re8  1-0

[Event "VIII Governor's Cup B"]
[Site "Khanty-Mansiysk RUS"]
[Date "2012.11.22"]
[Round "8"]
[White "Papayan,O"]
[Black "Demianjuk,A"]
[Result "1-0"]
[WhiteElo "2238"]
[BlackElo "2342"]

1.d4 Nf6 2.Bg5 Ne4 3.h4 c5 4.dxc5 Nc6 5.Nd2 Nxc5 6.e4 d6 7.c3 g6 8.h5 Bg7
9.h6 Be5 10.Ngf3 Ne6 11.Be3 Bf4 12.Nc4 O-O 13.Qd2 Bxe3 14.Qxe3 b5 15.Ncd2 b4
16.Bb5 bxc3 17.Qxc3 Ne5 18.O-O Ng4 19.Nh2 Nxh6 20.Rac1 Qb6 21.Bc4 Ng7 22.Bd5 Rb8
23.Nc4 Qb5 24.Qe3 Ng4 25.Qxa7 Nxh2 26.Kxh2 e6 27.Bc6 Qh5+ 28.Kg1 Rb4 29.a3 Rb3
30.Ba4 Rd3 31.Bc2 Rf3 32.Bd1  1-0

[Event "2nd UNAM Open Section I 2012"]
[Site "Mexico City MEX"]
[Date "2012.11.22"]
[Round "3.6"]
[White "Vigoa Apecheche,Yan"]
[Black "Gonzalez Zamora,J"]
[Result "0-1"]
[WhiteElo "2352"]
[BlackElo "2542"]

1.d4 Nf6 2.Bg5 Ne4 3.Bf4 d5 4.e3 c5 5.Bd3 Nf6 6.c3 Nc6 7.Nd2 Qb6 8.Rb1 g6
9.h3 Bg7 10.Ngf3 Nd7 11.O-O O-O 12.Bc2 Rd8 13.Qe2 e5 14.dxe5 Ndxe5 15.Rfd1 Nxf3+
16.Nxf3 h6 17.Bg3 Be6 18.b4 cxb4 19.cxb4 d4 20.b5 Ne7 21.Nxd4 Bxa2 22.Rbc1 Bd5
23.Bh4 g5 24.Bg3 Rac8 25.Nf5 Nxf5 26.Bxf5 Rxc1 27.Rxc1 Qf6 28.e4 Be6 29.Bxe6 Qxe6
30.Qc2 Bd4 31.h4 Qg4 32.Qb3 gxh4 33.Rc7 Bxf2+ 34.Bxf2 Rd1+ 35.Kh2 Qf4+ 36.Bg3 hxg3+
37.Qxg3+ Qxg3+ 38.Kxg3 b6 39.Rxa7 Rb1 40.Kf4 Rxb5 41.g4 Rb1 42.Rb7 Kg7 43.Kf5 Rf1+
44.Ke5 Rf6 45.Rb8 Rc6 46.Kf5 Rc5+ 47.e5 Rb5 48.Rb7 Rb1 49.Kf4 Kg6 50.Rc7 Rb4+
51.Kf3 b5 52.Rb7 Rb1 53.Kf4 b4 54.Rb6+ Kg7 55.Rb7 Kf8 56.e6 b3 57.Ke5 b2
58.Rb8+ Kg7 59.e7 Re1+ 60.Kd6 Kf6 61.Rxb2 Re6+ 62.Kd5 Rxe7 63.Rb4  0-1

[Event "48th American Open"]
[Site "Anaheim USA"]
[Date "2012.11.25"]
[Round "8"]
[White "Duckworth,W"]
[Black "Yanayt,E"]
[Result "1-0"]
[WhiteElo "2251"]
[BlackElo "2240"]

1.d4 Nf6 2.Bg5 Ne4 3.Bf4 c5 4.f3 Qa5+ 5.c3 Nf6 6.d5 Qb6 7.Bc1 e6 8.e4 exd5
9.exd5 Be7 10.c4 O-O 11.Nc3 d6 12.Bd3 Nbd7 13.f4 Re8 14.Nge2 Ng4 15.O-O Bf8
16.Rf3 Nh6 17.Qc2 g6 18.Rg3 Bg7 19.f5 Ne5 20.f6 Bf8 21.Be4 Nhg4 22.Bg5 Nxc4
23.h3 Nge5 24.b3 Na5 25.Qd2 Nd7 26.Rf1 c4+ 27.Be3 Qd8 28.b4 Nxf6 29.Bg5 Qb6+
30.Be3 Qd8 31.Bc2 Bg7 32.Rgf3 b5 33.bxa5 b4 34.Bg5 bxc3 35.Nxc3 Re5 36.Bxf6 Bxf6
37.Rxf6 Bf5 38.Bxf5 Qxf6 39.Be6 Qg5 40.Qxg5 Rxg5 41.Rxf7 Kh8 42.Ne4 Rh5 43.a6 Rh4
44.Nf6 c3 45.g3 Rb8 46.gxh4 c2 47.Rxh7+  1-0